000 00561nam a2200193 i 4500
001 44746
003 ES-MaACL
005 20250815112922.0
007 t|
008 030324s1924 fr ||||1| fre d
100 1 _aClement, E.
_9155917
245 1 0 _aMatières plastiques soies artificielle /
_cpar Clement et Rivière.
260 _aParis :
_bJ.B. Baillière et Fils,
_c1924.
300 _a528 p. ;
_c26 cm.
650 0 7 _aQuímica industrial
_2embne
_916636
700 1 _aRivière, Clery.
_9155918
852 _aES-MaACL
_jB-12203
999 _c44746
_d44746